Reflexiones de Julio Le Riverend acerca de la relación entre los discursos literario e historiográfico /
Se establece relación entre los vínculos que existen entre la literatura y la historia, una de las fuentes analizada es la novela histórica cubana "Cuando la noche muera", de Julio Travieso.
Guardado en:
| Autor principal: | |
|---|---|
| Formato: | Desconocido |
| Lenguaje: | Spanish |
| Materias: | |
| Etiquetas: |
Agregar Etiqueta
Sin Etiquetas, Sea el primero en etiquetar este registro!
|
MARC
| LEADER | 00000 a2200000 4500 | ||
|---|---|---|---|
| 008 | 160209s2013 cu ||||| |||| 00| b spa d | ||
| 022 | |a 0047-1542 | ||
| 040 | |a CIICLA - UCR | ||
| 041 | |a spa | ||
| 100 | 1 | |a Clemente López, Magda C. | |
| 245 | 1 | 0 | |a Reflexiones de Julio Le Riverend acerca de la relación entre los discursos literario e historiográfico / |c Magda C. Clemente López |
| 300 | |a 98-106 páginas | ||
| 520 | |a Se establece relación entre los vínculos que existen entre la literatura y la historia, una de las fuentes analizada es la novela histórica cubana "Cuando la noche muera", de Julio Travieso. | ||
| 650 | 1 | 4 | |a LITERATURA E HISTORIA |
| 773 | 0 | |w CSIC000119004 |x 0047-1542 |d Santa Clara (Cuba), : Universidad Central "Marta Abreu" de Las Villas, 1958-. |t Islas |g Volumen 55, número 173; mayo-agosto, 2013 |q págiinas 98-106 | |
| 942 | |2 ddc |c ARC | ||
| 999 | |c 4576 |d 4576 | ||
